Thesaurus: A Words - Synonyms #1 - Statistics

General Stats
  • This quiz has been taken 18 times
  • The average score is 13 of 90
Answer Stats
Word Synonym % Correct
Abandon Leave
89%
Above Over
78%
Abroad Away
50%
Accumulate Collect
50%
Accumulate Gather
50%
Abuse (V) Harm
50%
Abuse (V) Hurt
44%
Abroad Overseas
44%
About Regarding
44%
About On
39%
Absolute Entire
33%
Absolute Total
33%
Absolute Complete
28%
Accepted Approved
22%
Accent Beat
22%
Above Higher
22%
About Of
22%
Accidentally Unintentionally
22%
Accompany Attend
17%
Abstain Avoid
17%
Abuse (V) Damage
17%
Accompany Follow
17%
Absence Loss
17%
Abandon Quit
17%
Accepted Received
17%
Above Superior
17%
Ability Aptitude
11%
Absent-Minded Dreamy
11%
Accent Emphasis
11%
Abolish Eradicate
11%
Accompany Escort
11%
Abuse (V) Insult
11%
Accidentally Involuntarily
11%
Abstain Refrain
11%
Accent Stress
11%
Accepted Taken
11%
Accidentally Unwittingly
11%
Abstain Withhold
11%
Accepted Adopted
6%
Abroad Adrift
6%
Abrasive Annoying
6%
Absorption Assimilation
6%
Accepted Assumed
6%
Above Beyond
6%
Abandon Cease
6%
Abrasive Cutting
6%
Abstain Desist
6%
Absorption Digestion
6%
Abandon Discontinue
6%
Abroad Elsewhere
6%
Abolish Exterminate
6%
Abrasive Grinding
6%
Accompany Guard
6%
Accumulate Heap
6%
Accumulate Hoard
6%
Accidentally Inadvertently
6%
Absolute Infinite
6%
Abuse (V) Injure
6%
Ability Intelligence
6%
Abrasive Irritating
6%
Absent-Minded Listless
6%
Absent-Minded Lost
6%
Absence Nonappearance
6%
Absence Nonattendance
6%
Abolish Obliterate
6%
Absorption Osmosis
6%
Absorption Penetration
6%
Accent Pitch
6%
Ability Potency
6%
Ability Powers
6%
Absent-Minded Preoccupied
6%
Above Raised
6%
Abstain Renounce
6%
About Respecting
6%
Absorption Saturation
6%
Abrasive Sharpening
6%
Accumulate Store
6%
Accent Stroke
6%
Abolish Suppress
6%
Accompany Tend
6%
Abolish Terminate
6%
Absent-Minded Thoughtless
6%
About Touching
6%
Absence Truancy
6%
Accidentally Unexpectedly
6%
Absolute Unqualified
6%
Absence Vacancy
6%
Abroad Wandering
6%
Abandon Withdraw
6%
Ability Worth
6%
No matching quizzes found
Score Distribution
Percent of People with Each Score
Percentile by Number Answered
Your Score History
You have not taken this quiz